000 00485nam a2200193Ia 4500
003 GCL
008 140319s9999 xx 000 0 eng d
040 _aGCL /
_cGCL
082 0 4 _a822
_bD P
100 1 _aDOSTOEVSKY, FYODOR
245 1 0 _aPOOR FOLT /
_cDOSTOEVSKY, FYODOR
260 _a[S.N] :
_bFOREIGN LANGUAGES PUBLISHING HOUSE
300 _a217 P
650 0 4 _aENGLISH LITERATURE
650 0 4 _aFICTION
650 0 4 _aRUSSIA
650 0 4 _aRUSSIAN LITERATURE
942 _2ddc
_cBK
999 _c19436
_d19436